000 00402nam a2200145Ia 4500
008 230917s9999||||xx |||||||||||||| ||und||
040 _e144871
_aMAIN
041 _aEnglish
082 _a658.8 A23B
100 _aAnderson, James C
245 0 _aBusiness market management: Understanding, creating and developing value
260 _aDelhi
_bPearson Education
_c2004
300 _a479 p.
942 _cBK
999 _c136751
_d136751